LIBRARY & INFORMATION CENTRE, KCAET, TAVANUR

ONLINE PUBLIC ACCESS CATALOGUE (OPAC)

Method of measurement of flow of water in open channels using standing wave flame-fall,IS:6062-1971 (Record no. 4583)

MARC details
000 -LEADER
fixed length control field 00503cam a2200181ua 4500
041 ## - LANGUAGE CODE
Language code of text/sound track or separate title eng
082 ## - DEWEY DECIMAL CLASSIFICATION NUMBER
Classification number 532.573
Item number IND/ME
100 ## - MAIN ENTRY--AUTHOR NAME
Personal name Indian Standard Institution, .
245 00 - TITLE STATEMENT
Title Method of measurement of flow of water in open channels using standing wave flame-fall,IS:6062-1971
260 ## - PUBLICATION, DISTRIBUTION, ETC. (IMPRINT)
Place of publication New Delhi :
Name of publisher Indian Standards Institution ,
Year of publication 1971.
300 ## - PHYSICAL DESCRIPTION
Number of Pages 26 ; .
942 ## - ADDED ENTRY ELEMENTS (KOHA)
Koha item type Books
Holdings
Withdrawn status Lost status Damaged status Home library Current library Date acquired Full call number Accession Number Koha item type
      KAUAET   07/04/2012 532.573 17089 Books
      KAUAET KAUAET 07/04/2012 532.573 17090 Standards
free website counter